000 00580nam a2200181Ia 4500
001 15610
005 20260306170208.0
008 260306t2010||||xx |||||||||||||| ||und||
041 _aESP
082 _a551.13
_bR68
100 _aRivera Guillén, Jorge Nelson,
_eAUT
245 0 _aLos misterios del planeta tierra :
_blibro III: metalogenia cretácica-terciaria de los andes centrales de sudamérica y su relación con la tectónica y metalogenia global
260 _c2010
300 _a148 páginas :
_c28 cm.
650 _aGEN
654 _aCCN
942 _cLIB
_dJUS
_fJUS
_2ddc
_n
999 _c15610
_d15610